000 01360cam a2200349 i 4500
001 890024
003 OSt
005 20260429091428.0
008 800401s1979 enkacf bc 000 0 eng
010 _a 80460105
015 _aGB79-11933
020 _a0944219128
_c£4.00
035 _a890024
040 _aDLC
_cFoundation University
050 0 0 _aND 588.R8
_b2008 G47
100 1 _aRichter, Gerhard,
_d1932-
_915697
245 0 0 _aGerhard Richter :
_babstract paintings.
260 _a[London] :
_bWhitechapel Art Gallery],
_c2008
264 _42008
300 _a21, [2] p., [18] leaves of plates :
_bchiefly ill. (chiefly col.), ports. ;
_c27 cm.
_3books
_fbooks
336 _atext
_btxt
_2rdacontent
_3books
337 _aunmediated
_bn
_2rdamedia
_3books
338 _avolume
_bnc
_2rdacarrier
_3books
500 _aCatalog of an exhibition held at the Municipal Van Abbemuseum, Einhoven and at the Whitechapel Art Gallery, London.
504 _aIncludes bibliographical references.
600 1 0 _aRichter, Gerhard,
_d1932-
_xExhibitions.
_915698
710 2 _aStedelijk Van Abbemuseum.
_915699
710 2 _aWhitechapel Art Gallery.
_913300
906 _a7
_bcbc
_corignew
_d4
_encip
_f19
_gy-gencatlg
942 _2lcc
_cBK
_hND 588.R48
_i.2008 G47
_k(DAFA-FA)
999 _c5814
_d5814